Journal of social service research.

Bibliographic Details
Uniform Title:Journal of social service research (Online)
Format: Journal
Language:English
Published: Binghamton, N.Y. : The Haworth Press.
Subjects:
Online Availability: Check for online availability

MARC

Tag First Indicator Second Indicator Subfields
LEADER 00000cas a22000008a 4500
001 in00001734813
005 20151024223801.0
006 m d
007 cr cnu--------
008 020703c20029999nyuqr p s 0 0eng c
010 |a  2002214465 
022 0 |a 1540-7314 
035 |a (OCoLC)ocm50121065 
037 |b The Haworth Press, 10 Alice St., Binghamton, NY 13901-1580 
040 |a NSD  |c NSD  |d UtOrBLW 
042 |a msc 
049 |a TXAM 
050 4 |a HV1  |b .J58 Electronic 
130 0 |a Journal of social service research (Online) 
245 1 0 |a Journal of social service research. 
263 |a 0208 
264 1 |a Binghamton, N.Y. :  |b The Haworth Press. 
310 |a Quarterly 
336 |a text  |b txt  |2 rdacontent 
337 |a computer  |b c  |2 rdamedia 
338 |a online resource  |b cr  |2 rdacarrier 
516 |a HTML (electronic journal) 
530 |a Online version of print publication. 
538 |a Mode of access: World Wide Web. 
500 |a Electronic resource. 
650 0 |a Social service  |x Research  |v Periodicals. 
650 0 |a Social service  |v Periodicals. 
650 2 |a Social Work  |v Periodicals. 
776 1 |t Journal of social service research  |x 0148-8376  |w (DLC)77092761  |w (OCoLC)3736259 
936 |a PREPUB: publication expected: Aug. 2002 
948 |a cataloged  |b h  |c 2003/3/25  |d c  |e bsurratt  |f 4:42:43 pm 
994 |a E0  |b TXA 
999 |a MARS 
999 f f |s deb12aa3-c47f-3732-b767-fc3c741f1784  |i 25d1ca23-9f27-3d9e-8e54-74031568747b  |t 0 
952 f f |a Texas A&M University  |b College Station  |c Electronic Resources  |d Available Online  |t 0  |e HV1 .J58  |g Electronic  |h Library of Congress classification 
998 f f |a HV1 .J58  |t 0  |l Available Online